Kontrolná správa o realizácii opatrení a zásad organizovania agrárneho trhu ...

Bibliographic Details
Main Author: (mp) (Author)
Format: Article
Language:Slovak
Subjects:

MARC

LEADER 00000nab a2200000 a 4500
001 vtls000777077
003 SK-MaSNL
005 20260302152738.0
008 180206c2001 xo 0 slo
015 |a SNBRB2001/12-34755 
035 |a CLN000128863 
040 |a SNKBUCL  |b slo  |c SNKBUCL  |e AACR2 
041 0 |a slo 
044 |a xo  |c SK 
080 |a 339.166(437.6):631  |2 UDC-MRF-SK2 
080 |a 631(437.6)  |2 UDC-MRF-SK2 
080 |a 338.43(437.6)  |2 UDC-MRF-SK2 
100 0 |a (mp)  |4 aut  |9 841174 
245 1 0 |a Kontrolná správa o realizácii opatrení a zásad organizovania agrárneho trhu ...  |c [autor] (mp) 
650 0 7 |a trh poľnohospodársky  |z Slovensko  |y 2001-2002  |x poriadky trhové  |2 snkbucl  |9 846632 
655 7 |a články z novín a časopisov  |2 snkbucl  |9 267496 
773 0 |t Roľnícke noviny  |g Č. 206 (24.10.2001) 
773 0 |t [Príl.] Beseda  |g Roč. 8, s. 1 a 3 
850 |a Slovenská národná knižnica v Martine 
852 |a SNK  |b KIS3GCP 
958 |a RBX 
999 |c 1363349  |d 1365279